000 00814nam a2200241Ia 4500
003 OSt
005 20220923223951.0
006 a|||||r|||| 00| 0
007 ta
008 220922b |||||||| |||| 00| 0 hin d
024 _a223,699
037 _cTextual
040 _aARTS
_cARTS
_bhin
041 _2hin
_ahin
082 _aU47, 152P4
100 _aगोयल, अश्वनी; गोयल, रश्मि
_9167710
245 0 _aपर्यावरण कल आज और कल
246 _aParyāvaraṇ kal āj aur kala
260 _aगाजियाबाद
_b साहित्य संस्थान
_c2004
300 _a227पृ.
_ccm.
942 _hU47, 152P4
_cTEXL
_2CC
999 _c368465
_d368465